[Event "Mecklenburg VP-ch U18"]
[Site "Malchow"]
[Date "2015.02.??"]
[Round "7.6"]
[White "Martau, Valentin"]
[Black "Wagner, Swenja"]
[Result "1-0"]
[WhiteElo "1296"]
[BlackElo "1588"]
[PlyCount "41"]
[EventDate "2015.02.04"]
[EventType "swiss"]
[EventRounds "7"]
[EventCountry "GER"]
[SourceTitle "EXT 2022"]
[Source "ChessBase"]
[SourceDate "2021.10.06"]
[SourceVersion "1"]
[SourceVersionDate "2021.10.06"]
[SourceQuality "1"]

1. e4 e5 2. Nf3 Nc6 3. Bb5 Nf6 4. Nc3 Nd4 5. d3 c6 6. Ba4 d6 7. Be3 Bg4 8. h3 Nxf3+ 9. gxf3 Bh5 10. Qe2 Be7 11. Rg1 g6 12. Bh6 Qd7 13. Rg3 Ng8 14. Bg7 Bh4 15. Bxh8 Bxg3 16. fxg3 Qxh3 17. g4 Bxg4 18. fxg4 Qg3+ 19. Kd2 Qf4+ 20. Qe3 Qxg4 21. Rf1 1-0